名城历史(1) - 呼和浩特 - Statistics

General Stats
  • This quiz has been taken 14 times
  • The average score is 6 of 15
Answer Stats
Question Answer % Correct
明朝后期到清朝,活跃在呼和浩特地区的最主要的蒙古部族是哪一支? 土默特
80%
呼和浩特“旧城”是哪位蒙古族统治者提出建造的? 阿拉坦汗
80%
自呼和浩特市区一带起,穿越阴山(大青山)通往武川地区的著名古道名为: 白道
60%
呼和浩特“新城”是新城区名字的来历,其正式名称是: 绥远城
60%
以下哪位军政领袖被记载曾率军进入呼和浩特地区? 另外三项都对
40%
北魏前身代国的都城盛乐城位于今天的和林格尔县境内,以下哪一位领袖的统治属于这一时期? 拓跋什翼犍
40%
《敕勒歌》是北朝晋北到阴山地区的民歌,据史书记载,此歌被演唱后听者的反应是怎样的? 悲伤流泪
40%
第二批全国重点文物保护单位万部华严经塔(白塔)建成的时代是:
40%
玉泉区的名字源于“御马刨泉”的传说,该传说的主角是哪位皇帝? 康熙皇帝
40%
清代到民国初期,总部设于呼和浩特、主业是内地与外蒙古地区商贸事务的知名商号是: 大盛魁
40%
“新城”建城的时间更接近哪一个: 1700年
40%
云中郡故城位于托克托县境内,它的建立时间是: 战国
20%
“旧城”建设前的一段时期(数百年),呼和浩特周边地区被称为什么? 丰州滩
20%
呼和浩特哪一年起成为内蒙古自治区的首府(自治区政府开始在呼和浩特办公)? 1952年
20%
武川镇为北魏戍边六镇之一。哪位帝王的祖先【不是】在北魏后期的武川军镇从军的? 高洋
0%
No matching quizzes found
Score Distribution
Percent of People with Each Score
Percentile by Number Answered
Your Score History
You have not taken this quiz